El papá de noche / (Record no. 140781)
[ view plain ]
| 000 -CABECERA | |
|---|---|
| campo de control de longitud fija | 00751cam a22002654a 4500 |
| 003 - IDENTIFICADOR DEL NÚMERO DE CONTROL | |
| campo de control | UPN |
| 005 - FECHA Y HORA DE LA ÚLTIMA TRANSACCIÓN | |
| campo de control | 20230919064205.0 |
| 008 - ELEMENTOS DE LONGITUD FIJA--INFORMACIÓN GENERAL | |
| campo de control de longitud fija | 090203s1992 es a r 000 f spa d |
| 020 ## - NÚMERO INTERNACIONAL NORMALIZADO PARA LIBROS | |
| Número Internacional Estándar del Libro | 842615722X |
| 035 ## - NÚMERO DE CONTROL DEL SISTEMA | |
| Número de control de sistema | UPN01000168675 |
| 040 ## - FUENTE DE LA CATALOGACIÓN | |
| Centro catalogador/agencia de origen | UPN |
| Lengua de catalogación | spa |
| Centro/agencia transcriptor | UPN |
| 049 ## - COLECCIÓN | |
| Colección | I |
| 050 #4 - SIGNATURA TOPOGRÁFICA DE LA BIBLIOTECA DEL CONGRESO | |
| Número de clasificación | PT9875 G6.5 |
| Número de documento/Ítem | P3.6a 1992 |
| 100 1# - ASIENTO PRINCIPAL--NOMBRE PERSONAL | |
| Nombre de persona | Gripe, María, |
| Fechas asociadas al nombre | 1923-2007 |
| 9 (RLIN) | 35037 |
| 245 13 - MENCIÓN DE TÍTULO | |
| Título | El papá de noche / |
| Mención de responsabilidad, etc. | María Gripe ; tr. de Mariano Orta Manzano. |
| 250 ## - MENCIÓN DE EDICIÓN | |
| Mención de edición | 4a ed. |
| 260 ## - PUBLICACIÓN, DISTRIBUCIÓN, ETC. | |
| Lugar de publicación, distribución, etc. | Barcelona, Esp. : |
| Nombre del editor, distribuidor, etc. | Juventud, |
| Fecha de publicación, distribución, etc. | 1992. |
| 300 ## - DESCRIPCIÓN FÍSICA | |
| Extensión | 127 p. : |
| Otras características físicas | il. |
| 534 ## - NOTA SOBRE LA VERSIÓN ORIGINAL | |
| Frase introductoria | Titulo original: |
| Mención de título del original | Mattpappan |
| 650 #4 - ASIENTO SECUNDARIO DE MATERIA - TERMINO TEMATICO | |
| Término de materia o nombre geográfico como elemento de entrada | Literatura infantil sueca |
| 9 (RLIN) | 11036 |
| 650 #0 - ASIENTO SECUNDARIO DE MATERIA - TERMINO TEMATICO | |
| Término de materia o nombre geográfico como elemento de entrada | Relación padres-hijos |
| 9 (RLIN) | 1359 |
| 905 ## - TIPO DE MATERIAL | |
| Tipo de material | Libro |
| 942 ## - ELEMENTOS DE PUNTO DE ACCESO ADICIONAL (KOHA) | |
| Fuente del sistema de clasificación o colocación | Library of Congress Classification |
| Tipo de ítem Koha | Libro |
| Estado de retiro | Estado de pérdida | Fuente del sistema de clasificación o colocación | Estado dañado | No para préstamo | Código de colección | Localización permanente | Ubicación/localización actual | Ubicación en estantería | Fecha de adquisición | Total de préstamos | Clasificación | Código de barras | Fecha visto por última vez | Fecha del último préstamo | Tipo de ítem Koha |
|---|---|---|---|---|---|---|---|---|---|---|---|---|---|---|---|
| Library of Congress Classification | Colección General | Bib. Gregorio Torres Quintero | Bib. Gregorio Torres Quintero | Planta baja | 01/02/2024 | 3 | PT9875 G6.5 P3.6a 1992 | AP320 | 06/02/2024 | 01/02/2024 | Libro |
